| LEADER |
01098nam0a2200265 450 |
| 001 |
16832593 |
| 010 |
|
|
|a 978-2-751-40196-1
|b Br.
|d 14,9
|
| 100 |
|
|
|a 20131231d2007 u u0frey01 ba
|
| 101 |
0 |
|
|a fre
|
| 102 |
|
|
|a FR
|
| 200 |
0 |
|
|a Corse
|e Entre mer et montagne "Mare è Monti"
|f Fédération française de la randonnée pédestre
|
| 207 |
|
1 |
|a
|
| 210 |
|
|
|a Paris
|c FFRandonnée
|d 2007
|
| 215 |
|
|
|a 1 vol. (136 p.)
|c ill. coul. ; couv. ill. coul.
|d 21 cm
|
| 225 |
1 |
|
|a Topo-Guides. Grande randonnée
|v 065
|
| 330 |
|
|
|a A la fois mer et montagne, tradition et modernité, la Corse vous propose, au long de ses itinéraires balisés, la découverte d'une terre de contraste à l'authenticité préservée.
|
| 608 |
|
|
|a Randonnée pédestre
|y Corse (France)
|
| 608 |
|
|
|a Guide
|x Randonnée pédestre
|
| 608 |
|
|
|a Parc naturel
|
| 610 |
0 |
|
|a Corse (France)
|
| 676 |
|
|
|a 914.499
|
| 710 |
0 |
2 |
|a Fédération française de la randonnée pédestre
|4 340
|
| 900 |
|
|
|a Documentaire
|
| 901 |
|
|
|a Adultes
|
| 995 |
|
|
|a Médiathèque
|c Médiathèque
|f 089012965
|h 089012965
|k 914.499 COR
|o p
|q a
|r az
|e Médiathèque
|